000 00659nam a2200241Ia 4500
003 OSt
005 20220918184532.0
006 a|||||r|||| 00| 0
007 ta
008 220917b |||||||| |||| 00| 0 eng d
024 _a47,038
037 _cTextual
040 _aARTS
_cARTS
_beng
041 _2eng
_aeng
082 _aO41,1x, 111K2
100 _aRexroth Kenneth
_966011
245 0 _aOne hundred poems from the Chinese
260 _aCanada
_bMcClelland and Stewart
_c1971
300 _axiii, 148p.
_ccm.
650 _aCHINESE LITERATURE
942 _hO41,1x, 111K2
_cTEXL
_2CC
999 _c176918
_d176918